| 000 | 01613cam a22003131i 4500 | ||
|---|---|---|---|
| 003 | SA-RiAUC | ||
| 005 | 20250115125411.0 | ||
| 008 | 250115s1985 le g b 000 0cara c | ||
| 020 | _a8001000 | ||
| 040 |
_aSA-RiAUC _bara _cSA-RiAUC _erda |
||
| 082 | 0 | 4 |
_a234.63 _qSA-RiAUC |
| 090 |
_a234.63 _b ا ب ن ج |
||
| 100 | 1 |
_aابن جميع، محمد بن أحمد بن محمد، _d305-402 هجري _eمؤلف. |
|
| 245 | 1 | 0 |
_aكتاب معجم الشيوخ : _bبذيله المنتقى من المعجم وحديث السكن / _cلأبي الحسين محمد بن أحمد بن جميع الصيداوي ؛ دراسة وتحقيق عمر عبد السلام تدمري. |
| 246 | 3 | 0 | _aمعجم الشيوخ |
| 264 | 1 |
_aبيروت : _bمؤسسة الرسالة، _c1985 |
|
| 300 |
_a551 صفحة ؛ _c25 سم |
||
| 336 |
_aنص _btxt _2rdacontent _3كتاب |
||
| 337 |
_aبدون وسيط _bn _2rdamedia |
||
| 338 |
_aمجلد _bnc _2rdacarrier |
||
| 504 | _aببليوجرافية : صفحة 507-538. | ||
| 650 | 7 |
_aالمحدثون _vتراجم _2aucsh |
|
| 650 | 7 |
_aطبقات رواة الحديث وحفاظه _vتراجم _2aucsh |
|
| 700 | 1 | 2 |
_iمذيل لـ (عمل) : _aابن جميع، محمد بن أحمد بن محمد، _d305-402 هجري. _tالمنتقى من المعجم وحديث السكن. |
| 700 | 1 | 2 |
_iتحقيق لـ (عمل) : _aابن جميع، محمد بن أحمد بن محمد، _d305-402 هجري. _tكتاب معجم الشيوخ |
| 700 | 1 |
_aتدمري، عمر عبد السلام، _d1940- _eباحث. |
|
| 942 |
_2ddc _cBOOK _n0 |
||
| 949 |
_aSA-JeALM _d250115 _ueid123 _n1 |
||
| 999 |
_c4817 _d4817 |
||